Szczegóły MARC21

Prawo kanonizacyjne według ustawodawstwa Jana Pawła II : instytucje kanonizacyjnego prawa materialnego, zarys historii procedury kanonizacyjnej, postępowanie w diecezji i kongregacji, wzory pism i formularzy /

003 -Nazwa inst., której nr kontr. jest w polu 001 [,]
    • @
    • Nazwa instytucji, której n kontrolny jest w polu 001
    • NUKAT
005 -DATA I CZAS OSTATNIEJ MODYFIKACJI [,]
    • @
    • pole kontrolne
    • 20241231104345.0
020 -Międzynarod. znormalizowany nr książki - ISBN [ , ]
    • a
    • Numer ISBN
    • 8386862459 Find
040 -Instytucja sporządzająca opis [ , ]
    • a
    • Instytucja, która sporządziła opis (NP)
    • Ł U/ip
    • c
    • Instytucja, która sporządziła rekord (NP)
    • Ł U/ip
    • d
    • Instytucja, która zmodyfikowała rekord (P)
    • Ł U/MK
    • d
    • Instytucja, która zmodyfikowała rekord (P)
    • Ł U/MRs
041 -Język dokumentu [1, ]
    • a
    • Język tekstu (P)
    • polski
    • a
    • Język tekstu (P)
    • łaciński
    • b
    • Język streszczeń lub abstraktu (P)
    • niemiecki
    • b
    • Język streszczeń lub abstraktu (P)
    • włoski
    • h
    • Język tekstu oryginalnego i/lub pośredniego (P)
    • łaciński
942 -Rodzaj dokumentu [ , ]
    • c
    • Rodzaj dokumentu
    • Książka
100 -Hasło główne - nazwa osobowa [1, ]
    • a
    • Nazwa osobowa (NP)
    • Misztal, Henryk
    • d
    • Daty biograficzne (NP)
    • (1936-2020).
    • 9
    • KHW
    • 85256
240 -Tytuł ujednolicony [1,0]
    • a
    • Tytuł ujednolicony
    • Prawo kanonizacyjne
    • l
    • Język tekstu
    • (pol.)
    • 9
    • KHW
    • 654208
245 -Strefa tytułu i oznaczenia odpowiedzialności [1,0]
    • a
    • Tytuł
    • Prawo kanonizacyjne według ustawodawstwa Jana Pawła II : Find
    • b
    • Ciąg dalszy tytułu (NP)
    • instytucje kanonizacyjnego prawa materialnego, zarys historii procedury kanonizacyjnej, postępowanie w diecezji i kongregacji, wzory pism i formularzy / Find
    • c
    • Pozostałe elementy strefy tytułu i oznaczenia odpowiedzialności (NP)
    • Henryk Misztal.
260 -Strefa adresu wydawniczego [ , ]
    • a
    • Miejsce wydania (P)
    • Lublin ;
    • a
    • Miejsce wydania (P)
    • Sandomierz :
    • b
    • Nazwa wydawcy (P)
    • Wydawnictwo Diecezjalne,
    • c
    • Data wydania (P)
    • 1997.
300 -Strefa opisu fizycznego [ , ]
    • a
    • Określenie formy książki i/lub objętość (NP)
    • 623 s. ;
    • c
    • Format (NP)
    • 24 cm.
336 -Typ zawartości [ , ]
    • a
    • Termin opisujący typ zawartości
    • Tekst
    • b
    • Kod określający zawartość
    • txt
    • 2
    • Źródło (terminu i kodu)
    • rdacontent
337 -Typ mediów [ , ]
    • a
    • Tryb odtwarzania
    • Bez urządzenia pośredniczącego
    • b
    • Kod typu mediów
    • n
    • 2
    • Źródło (terminu i kodu)
    • rdamedia
338 -Typ/rodzaj nośnika [ , ]
    • a
    • Hasło opisujące typ nośnika
    • Wolumin
    • b
    • Kod typu nośnika
    • nc
    • 2
    • Źródło (terminu i kodu)
    • rdacarrier
504 -Uwaga dot. bibliogr. załącznikowej [ , ]
    • a
    • Uwaga dot. bibliografii załącznikowej
    • Bibliogr. s. [588]-610. Indeks.
546 -Uwaga dot. języka [ , ]
    • a
    • Uwaga dot. języka
    • Streszcz. niem., wł. ; Tekst częśc. łac.
080 -Uniwersalna Klasyfikacja Dziesiętna [ , ]
    • a
    • Symbol klasyfikacji
    • 348
650 -Hasło przedmiotowe [ ,7]
    • a
    • Hasło przedmiotowe
    • Kanonizacja.
    • 2
    • Źródło terminu
    • kaba
    • 9
    • KHW
    • 113922
650 -Hasło przedmiotowe [ ,7]
    • a
    • Hasło przedmiotowe
    • Kanonizacja
    • v
    • Określnik formalny
    • dokumenty papieskie.
    • 2
    • Źródło terminu
    • kaba
    • 9
    • KHW
    • 654333
650 -Hasło przedmiotowe [ ,7]
    • a
    • Hasło przedmiotowe
    • Kanonizacja
    • x
    • Określnik rzeczowy
    • formularze.
    • 2
    • Źródło terminu
    • kaba
    • 9
    • KHW
    • 654334
650 -Hasło przedmiotowe [ ,7]
    • a
    • Hasło przedmiotowe
    • Kanonizacja
    • x
    • Określnik rzeczowy
    • historia.
    • 2
    • Źródło terminu
    • kaba
    • 9
    • KHW
    • 654335
980 -Symbol UKD [ , ]
    • a
    • UKD
    • 348
710 -Hasło dodatkowe - nazwa ciała zbiorowego [2, ]
    • a
    • Nazwa ciała zbiorowego lub nazwa geograficzna jako pierwszy element (NP)
    • Wydawnictwo Diecezjalne (Sandomierz).
    • 4
    • Kod relacji
    • pbl
    • 9
    • KHW
    • 59992
920 -ISBN [ , ]
    • a
    • ISBN
    • 83-86862-45-9 Find
Numer inwentarzowy Data inwentaryzacji Sygnatura Lokalizacja Status udost.
SA.117462002-05-14SA.11746BSA1